Memorial, Jean Sauvaget.

محفوظ في:

المؤلف الرئيسي: Sauvaget, Jean, 1901-1950 (مؤلف)

مؤلف مشترك: Institut français de Damas.

التنسيق: كتاب

اللغة: French

منشور في: Damas : Institut Français de Damas, 1954-

الموضوعات:

الوسوم: إضافة وسم

لا توجد وسوم, كن أول من يضع وسما على هذه التسجيلة!

رقم الطلب: DS32.7 .S38 A3 v.1-2

LEADER 00756namaa2200241 4500
001 20612
003 OSt
005 20251124105033.0
008 130303m19549999fr abfh 010 0dfre d
010 |a 55027285 
040 |c ARCE Library 
050 4 |a DS32.7 .S38 A3 v.1-2 
100 1 |a Sauvaget, Jean,  |d 1901-1950,  |e author  |9 39255 
245 1 0 |a Memorial, Jean Sauvaget. 
264 1 |a Damas :  |b Institut Français de Damas,  |c 1954- 
300 |a 2 volumes :   |b illustrations, plates, maps, facsims., plans ;   |c 25 cm. 
500 |a At head of title : Institut français de Damas. 
600 1 0 |a Sauvaget, Jean,  |d 1901-1950.  |9 39255 
650 0 |a Islamic civilization. 
710 2 |a Institut français de Damas. 
901 |a reviewed 
942 |c BK  |2 lcc 
999 |c 18211  |d 18211